Rap by letter (K) - Statistics

General Stats
  • This quiz has been taken 5 times
  • The average score is 2 of 10
Answer Stats
Hint Answer % Correct
2000's rapper and producer, has an album called "Graduation". Kanye West
100%
Ice Cube has a song called: "You ____ How We Do It". Know
50%
Prodigy's one of the most famous song's without Mobb Deep's catalogue. Keep It Thoro
0%
Dr. Dre's single released in 1995, from a movie called "Friday". Keep Their Heads Ringin'
0%
2Pac's song released in 1993, from "Strictly 4 My N.I.G.G.A.Z.". Keep Ya Head Up
0%
Member of "Sunz Of Man", and a Wu-Tang affiliate. Killah Priest
0%
2Pac's album is called "The Don ________: The 7 Day Theory". Killuminati
0%
MF Doom has a song called: "Rapp Snitch ______". Knishes
0%
Raekwon's song from "Only Built 4 Cuban Linx", featuring Ghostface Killah and U-God. Knuckleheadz
0%
Westside rapper, part of a group called "Tha Dogg Pound". Kurupt
0%
No matching quizzes found
Score Distribution
Percent of People with Each Score
Percentile by Number Answered
Your Score History
You have not taken this quiz